Statistics for Countries of the World by longest border

Click here to take the quiz!

General Stats

  • This quiz has been taken 68 times
  • The average score is 161 of 196

Answers on the Map

Answers color-coded by a green-red scale on the quiz's map according to % correct below.
 

Answer Stats

Country% Correct
Belarus
98%
Finland
98%
Georgia
98%
Kazakhstan
98%
Ukraine
98%
Canada
97%
India
97%
Mexico
97%
Mongolia
97%
North Korea
97%
United States
95%
Austria
93%
Belgium
93%
Czech Republic
93%
Denmark
93%
Monaco
93%
Netherlands
93%
Argentina
92%
Botswana
92%
Chile
92%
Ecuador
92%
Eswatini
92%
Ireland
92%
Lesotho
92%
Paraguay
92%
South Africa
92%
Sweden
92%
Andorra
90%
Bolivia
90%
Central African Republic
90%
China
90%
Colombia
90%
Democratic Republic
of the Congo
90%
France
90%
Guyana
90%
Haiti
90%
Iraq
90%
Norway
90%
Portugal
90%
Spain
90%
Uganda
90%
Uruguay
90%
Zambia
90%
Bangladesh
88%
Bhutan
88%
Brazil
88%
Bulgaria
88%
Dominican Republic
88%
Jordan
88%
Morocco
88%
Oman
88%
Peru
88%
Qatar
88%
San Marino
88%
Serbia
88%
Switzerland
88%
Syria
88%
Tunisia
88%
United Arab Emirates
88%
Vatican City
88%
Venezuela
88%
Yemen
88%
Benin
86%
Brunei
86%
Burkina Faso
86%
Cameroon
86%
Djibouti
86%
Eritrea
86%
Guinea
86%
Indonesia
86%
Libya
86%
Malawi
86%
Mauritania
86%
Niger
86%
Somalia
86%
South Korea
86%
Sudan
86%
United Kingdom
86%
Zimbabwe
86%
Albania
85%
Cambodia
85%
East Timor
85%
Gabon
85%
Germany
85%
Iran
85%
Kuwait
85%
Laos
85%
Malaysia
85%
Myanmar
85%
Nigeria
85%
North Macedonia
85%
Papua New Guinea
85%
Tanzania
85%
Afghanistan
83%
Chad
83%
Egypt
83%
Estonia
83%
Kosovo
83%
Latvia
83%
Moldova
83%
Namibia
83%
Romania
83%
Slovakia
83%
South Sudan
83%
Belize
81%
Bosnia and
Herzegovina
81%
Costa Rica
81%
El Salvador
81%
Ethiopia
81%
Ghana
81%
Hungary
81%
Lithuania
81%
Nicaragua
81%
Pakistan
81%
Panama
81%
Poland
81%
Russia
81%
Slovenia
81%
Suriname
81%
Thailand
81%
Uzbekistan
81%
Burundi
80%
Honduras
80%
Italy
80%
Ivory Coast
80%
Kenya
80%
Liberia
80%
Liechtenstein
80%
Nepal
80%
Togo
80%
Azerbaijan
78%
Croatia
78%
Greece
78%
Guatemala
78%
Guinea-Bissau
78%
Kyrgyzstan
78%
Lebanon
78%
Mali
78%
Montenegro
78%
Saudi Arabia
78%
Senegal
78%
Sierra Leone
78%
Tajikistan
78%
Turkey
78%
Turkmenistan
78%
Vietnam
78%
Algeria
76%
Israel
76%
Mozambique
76%
Armenia
75%
Equatorial Guinea
75%
Republic of the Congo
75%
Luxembourg
71%
Angola
69%
Antigua and Barbuda
69%
Australia
69%
Bahamas
69%
Bahrain
69%
Barbados
69%
Cape Verde
69%
Comoros
69%
Cuba
69%
Cyprus
69%
Dominica
69%
Federated States of
Micronesia
69%
Fiji
69%
Gambia
69%
Grenada
69%
Iceland
69%
Jamaica
69%
Japan
69%
Kiribati
69%
Madagascar
69%
Maldives
69%
Malta
69%
Marshall Islands
69%
Mauritius
69%
New Zealand
69%
Palau
69%
Philippines
69%
Rwanda
69%
Saint Kitts and Nevis
69%
Saint Lucia
69%
Saint Vincent and the
Grenadines
69%
Samoa
69%
São Tomé and Príncipe
69%
Seychelles
69%
Singapore
69%
Solomon Islands
69%
Sri Lanka
69%
Taiwan
69%
Tonga
69%
Trinidad and Tobago
69%
Tuvalu
69%
Vanuatu
69%
Nauru
61%

Score Distribution

Percentile by Number Answered

Percent of People with Each Score

Your Score History

You have not taken this quiz